MARC details
| 000 -CABECERA |
| campo de control de longitud fija |
02795cam a22003374a 4500 |
| 001 - NÚMERO DE CONTROL |
| campo de control |
12415837 |
| 005 - FECHA Y HORA DE LA ÚLTIMA TRANSACCIÓN |
| campo de control |
20250122143157.0 |
| 008 - DATOS DE LONGITUD FIJA--INFORMACIÓN GENERAL |
| campo de control de longitud fija |
010521s2000 dcu b i000 0 eng |
| 010 ## - NÚMERO DE CONTROL DE LA BIBLIOTECA DEL CONGRESO |
| Número de control de LC |
2001268725 |
| 020 ## - NÚMERO INTERNACIONAL ESTÁNDAR DEL LIBRO |
| Número Internacional Estándar del Libro |
9780821348604 |
| 040 ## - FUENTE DE LA CATALOGACIÓN |
| Centro catalogador/agencia de origen |
DLC |
| Centro/agencia transcriptor |
DLC |
| Centro/agencia modificador |
DLC |
| 041 1# - CÓDIGO DE LENGUA |
| Código de lengua del texto/banda sonora o título independiente |
eng |
| 041 1# - CÓDIGO DE LENGUA |
| Código de lengua del texto/banda sonora o título independiente |
fre |
| 050 00 - SIGNATURA TOPOGRÁFICA DE LA BIBLIOTECA DEL CONGRESO |
| Número de clasificación |
HF5611 |
| Número de documento/Ítem |
.G74 2000 |
| 100 ## - ENTRADA PRINCIPAL--NOMBRE DE PERSONA |
| Nombre de persona |
Greuning, Hennie van |
| 9 (RLIN) |
2483 |
| Término indicativo de función/relación |
author |
| 245 10 - MENCIÓN DE TÍTULO |
| Título |
International accounting standards : |
| Resto del título |
a practical guide = Normes comptables internationales : guide pratique / |
| Mención de responsabilidad, etc. |
Hennie van Greuning, Marius Koen ; adapted to french by Joëlle Le Vourc'h-Méouchy. |
| 246 13 - FORMA VARIANTE DE TÍTULO |
| Título propio/Titulo breve |
Normes comptables internationales |
| 260 ## - PUBLICACIÓN, DISTRIBUCIÓN, ETC. |
| Lugar de publicación, distribución, etc. |
Washington, D.C. : |
| Nombre del editor, distribuidor, etc. |
International Bank for Reconstruction and Development/World Bank, |
| Fecha de publicación, distribución, etc. |
2000. |
| 300 ## - DESCRIPCIÓN FÍSICA |
| Extensión |
1 volume (various pagings) ; |
| Dimensiones |
30 cm. |
| 500 ## - NOTA GENERAL |
| Nota general |
"Originally published by the World Bank in an English/Russian edition as International accounting standards : a practical guide in 1999"--T.p. verso. |
| 504 ## - NOTA DE BIBLIOGRAFÍA, ETC. |
| Nota de bibliografía, etc. |
Includes bibliographical references (p. 166). |
| 505 ## - NOTA DE CONTENIDO CON FORMATO |
| Mención de responsabilidad |
Hennie van Greuning, Marius Koen; French adaptation by Joëlle Le Vourc'h-Méouchy with the assistance of a group of students from ÉSCP-EAP, World Bank, and FIDEF, coordinated by Claire Rameix and Pierre Séguin. |
| 520 ## - SUMARIO, ETC. |
| Sumario, etc. |
This book, published in a bilingual French-English edition by the World Bank, FIDEF, and ESCP-EAP, presents the full set of IAS standards in an accessible and educational format. This practical guide is primarily aimed at executives and managers who may not have a strong background in accounting. The goal is to provide them with a broad and fundamental understanding of the issues covered by IAS.<br/><br/>To achieve this, each standard is summarized briefly and accompanied by a simple case study emphasizing the practical application of key concepts within the standard. This enables non-specialist readers to actively participate in discussions about the relevance or application of a standard in a given situation. Additionally, they can assess the impact of applying accounting principles on the results and financial position of a division or an entire company.<br/><br/>The book is also intended for students, for whom knowledge of international standards has become essential in today’s accounting environment. In the French-language section of the book, technical terms comply with the official translation of the full IAS standards published by the Conseil Supérieur de l'Ordre des Experts-Comptables Français. |
| 546 ## - NOTA DE LENGUA/LENGUAJE |
| Nota de lengua/lenguaje |
English text, parallel French translation. |
| 650 #0 - PUNTO DE ACCESO ADICIONAL DE MATERIA--TÉRMINO DE MATERIA |
| Término de materia o nombre geográfico como elemento de entrada |
Accounting |
| Subdivisión general |
Standards |
| 9 (RLIN) |
7743 |
| 650 #0 - PUNTO DE ACCESO ADICIONAL DE MATERIA--TÉRMINO DE MATERIA |
| Término de materia o nombre geográfico como elemento de entrada |
Comparative accounting |
| 9 (RLIN) |
24584 |
| 700 ## - ENTRADA AGREGADA--NOMBRE PERSONAL |
| Nombre de persona |
Koen, Marius |
| 9 (RLIN) |
21860 |
| Término indicativo de función/relación |
author |
| 700 ## - ENTRADA AGREGADA--NOMBRE PERSONAL |
| Nombre de persona |
Vourc'h-Méouchy, Joëlle Le |
| 9 (RLIN) |
24585 |
| Término indicativo de función/relación |
translator |
| 710 ## - ENTRADA AGREGADA--NOMBRE DE ENTIDAD CORPORATIVA |
| Nombre de entidad corporativa o nombre de jurisdicción como elemento de entrada |
World Bank |
| 9 (RLIN) |
24586 |
| 942 ## - ELEMENTOS DE ENTRADA AGREGADA (KOHA) |
| Fuente del sistema de clasificación o colocación |
Clasificación de Library of Congress |